[Event "DM 2024 KP-1 Grp2"]
[Site "Svendborg"]
[Date "2024.03.25"]
[Round "4"]
[White "Westh, Niels Buster Krog"]
[Black "Hojland, Jeppe"]
[Result "1-0"]
[WhiteElo "1803"]
[BlackElo "1788"]
[PlyCount "69"]
[WhiteFideId "1438590"]
[BlackFideId "1462172"]
[EventDate "2024.03.25"]
[EventType "swiss"]
[EventRounds "5"]
[EventCountry "DEN"]
[SourceTitle "Live v. Kasper Jerwiarz"]

1. e4 c6 2. d4 d5 3. exd5 cxd5 4. Bd3 Nc6 5. c3 Nf6 
6. Bf4 Bg4 7. Qb3 Qd7 8. h3 Bh5 9. Nd2 e6 10. Ngf3 Bxf3 
11. Nxf3 a6 12. a4 Be7 13. O-O O-O 14. Rfe1 Rac8 15. Qd1 Bd6 
16. Ne5 Qc7 17. Re3 Nd7 18. Qe2 Bxe5 19. Bxe5 Ndxe5 20. dxe5 Ne7 
21. Rd1 Ng6 22. Bc2 Qc4 23. Qh5 Rfd8 24. Rd4 Qc7 25. f4 b5 
26. h4 b4 27. Qg4 bxc3 28. bxc3 Qa5 29. Qh3 Rc4 30. h5 Nxf4 
31. Qh4 Rxd4 32. cxd4 Nxg2 33. Kxg2 Qd2+ 34. Kf3 Qxc2 35. Qxd8# 1-0

[Event "DM 2024 KP-1 Grp2"]
[Site "Svendborg"]
[Date "2024.03.25"]
[Round "5"]
[White "Sejersen, Christian"]
[Black "Horslund, Mikael"]
[Result "1-0"]
[WhiteElo "1854"]
[BlackElo "1839"]
[PlyCount "59"]
[WhiteFideId "1441060"]
[BlackFideId "1421042"]
[EventDate "2024.03.25"]
[EventType "swiss"]
[EventRounds "5"]
[EventCountry "DEN"]
[SourceTitle "Live v. Kasper Jerwiarz"]

1. Nf3 d6 2. d4 Nf6 3. g3 g6 4. b3 Bg7 5. Bg2 O-O 
6. Bb2 Ne4 7. O-O c5 8. c4 Nc6 9. Qc2 Bf5 10. Nh4 Nb4 
11. Qd1 e5 12. Nxf5 gxf5 13. dxc5 dxc5 14. Nc3 Nxc3 15. Bxc3 Nc6 
16. Bxc6 bxc6 17. Qxd8 Rfxd8 18. Rad1 e4 19. Ba5 Rxd1 20. Rxd1 Bd4 
21. e3 Be5 22. Rd7 Kf8 23. Kf1 Ke8 24. Rb7 h5 25. Bc7 Bxc7 
26. Rxc7 a5 27. Rxc6 a4 28. Rxc5 axb3 29. axb3 Ra1+ 30. Kg2 1-0

[Event "DM 2024 KP-1 Grp2"]
[Site "Svendborg"]
[Date "2024.03.25"]
[Round "5"]
[White "Lavrsen, Frands Winther"]
[Black "Ramsdal, Lasse Andreas"]
[Result "0-1"]
[WhiteElo "1817"]
[BlackElo "1816"]
[PlyCount "90"]
[WhiteFideId "1411152"]
[BlackFideId "1440675"]
[EventDate "2024.03.25"]
[EventType "swiss"]
[EventRounds "5"]
[EventCountry "DEN"]
[SourceTitle "Live v. Kasper Jerwiarz"]

1. f4 d5 2. Nf3 c5 3. g3 Nc6 4. Bg2 g6 5. d3 Bg7 
6. c3 Nf6 7. O-O O-O 8. Na3 Re8 9. Ne5 Qb6 10. Kh1 Be6 
11. Qc2 Nxe5 12. fxe5 Ng4 13. e4 d4 14. Bf4 Nxe5 15. Bxe5 Bxe5 
16. Nc4 Bxc4 17. dxc4 dxc3 18. bxc3 Rad8 19. Rf3 Rd6 20. Rb1 Qc7 
21. Qa4 Ra8 22. Rbf1 f6 23. Bh3 b6 24. Rd1 Rad8 25. Rd5 Kf7 
26. Rfd3 e6 27. Rxd6 Rxd6 28. Rxd6 Bxd6 29. Qd1 Be5 30. Qd2 Qd6 
31. Qc2 f5 32. Bg2 Bxc3 33. Bf3 Bf6 34. Qc1 Qd3 35. Kg2 fxe4 
36. Bg4 e3 37. Qe1 Qd2+ 38. Qe2 a6 39. Bf3 b5 40. cxb5 axb5 
41. Kh3 Qxe2 42. Bxe2 c4 43. Kg4 c3 44. Bd3 e2 45. Bxe2 c2 
0-1

[Event "DM 2024 KP-1 Grp2"]
[Site "Svendborg"]
[Date "2024.03.25"]
[Round "5"]
[White "Petersen, Frank Gjerning"]
[Black "Holm, Henrik"]
[Result "1-0"]
[WhiteElo "1844"]
[BlackElo "1858"]
[PlyCount "97"]
[WhiteFideId "1427032"]
[BlackFideId "1425340"]
[EventDate "2024.03.25"]
[EventType "swiss"]
[EventRounds "5"]
[EventCountry "DEN"]
[SourceTitle "Live v. Kasper Jerwiarz"]

1. d4 d5 2. Nf3 Nf6 3. e3 c5 4. c3 Qb6 5. Bd3 c4 
6. Bc2 Bg4 7. Nbd2 e6 8. Qe2 Nbd7 9. O-O Be7 10. Qe1 O-O 
11. Ne5 Nxe5 12. dxe5 Nd7 13. f4 Rae8 14. Kh1 f6 15. Ba4 Qc7 
16. e4 fxe5 17. h3 Bh5 18. exd5 exd5 19. g4 Bf7 20. fxe5 Be6 
21. Nf3 Rxf3 22. Rxf3 d4 23. Rf1 b5 24. Bd1 Bd5+ 25. Bf3 Qc6 
26. Bxd5+ Qxd5+ 27. Kh2 Nxe5 28. Qg3 Nd3 29. Qf3 Bd6+ 30. Kg1 Qe6 
31. Bd2 Rf8 32. Qg2 Nf4 33. Bxf4 Bxf4 34. Kh1 d3 35. Rae1 Qd6 
36. Re4 g5 37. Rd4 Qe7 38. Qd5+ Kh8 39. Re4 Qc7 40. Qxb5 Qd6 
41. Qxc4 d2 42. Qd4+ Qxd4 43. Rxd4 Re8 44. Kg2 Re2+ 45. Rf2 Re1 
46. Rfxd2 Ra1 47. Re2 Kg7 48. Rd7+ Kf6 49. Rxa7 1-0

[Event "DM 2024 KP-1 Grp2"]
[Site "Svendborg"]
[Date "2024.03.25"]
[Round "5"]
[White "Marcussen, Claus"]
[Black "Bekmukhanov, Sauran"]
[Result "0-1"]
[WhiteElo "1791"]
[BlackElo "1862"]
[PlyCount "50"]
[WhiteFideId "1506021"]
[BlackFideId "1472844"]
[EventDate "2024.03.25"]
[EventType "swiss"]
[EventRounds "5"]
[EventCountry "DEN"]
[SourceTitle "Live v. Kasper Jerwiarz"]

1. f4 b6 2. Nf3 f5 3. e3 Nf6 4. Be2 g6 5. c3 Bg7 
6. Qb3 Bb7 7. d4 d6 8. Nbd2 Qd7 9. O-O e6 10. Bb5 Nc6 
11. Qc2 O-O 12. e4 fxe4 13. Nxe4 Nxe4 14. Qxe4 a6 15. Bxc6 Bxc6 
16. Qe2 Rae8 17. Bd2 e5 18. fxe5 dxe5 19. Nxe5 Rxf1+ 20. Rxf1 Bb5 
21. Nxd7 Rxe2 22. Nxb6 Rxd2 23. c4 Bxd4+ 24. Kh1 Bc6 25. Nd5 Bxd5 
0-1

[Event "DM 2024 KP-1 Grp2"]
[Site "Svendborg"]
[Date "2024.03.25"]
[Round "5"]
[White "Jensen, Soren"]
[Black "Westh, Niels Buster Krog"]
[Result "0-1"]
[WhiteElo "1824"]
[BlackElo "1803"]
[PlyCount "90"]
[WhiteFideId "1409999"]
[BlackFideId "1438590"]
[EventDate "2024.03.25"]
[EventType "swiss"]
[EventRounds "5"]
[EventCountry "DEN"]
[SourceTitle "Live v. Kasper Jerwiarz"]

1. g3 e5 2. Bg2 d5 3. d3 c6 4. b3 Nf6 5. Bb2 Bd6 
6. Nd2 O-O 7. e3 Re8 8. Ne2 Nbd7 9. O-O Nf8 10. h3 Bd7 
11. a3 Ng6 12. c4 Bf5 13. e4 dxe4 14. Nxe4 Bc7 15. Nxf6+ gxf6 
16. d4 e4 17. Nc3 Qd7 18. g4 Qd6 19. f4 Nxf4 20. Rxf4 Qxf4 
21. gxf5 Qxf5 22. Nxe4 Rxe4 23. Bxe4 Qxe4 24. Qg4+ Qxg4+ 25. hxg4 Re8 
26. Kf2 Re4 27. Rg1 Kg7 28. Kf3 Rf4+ 29. Ke3 Kg6 30. Bc1 b6 
31. Bd2 h6 32. Bc1 a5 33. Bd2 Bd6 34. a4 Rxd4 35. Bc3 Rf4 
36. Rd1 Be5 37. Bxe5 fxe5 38. Rd6+ Rf6 39. Rd8 Kg5 40. Rg8+ Rg6 
41. Re8 Kxg4 42. Rf8 f5 43. Re8 e4 44. Rf8 c5 45. Rf7 h5 
0-1

[Event "DM 2024 KP-1 Grp2"]
[Site "Svendborg"]
[Date "2024.03.25"]
[Round "5"]
[White "Westenvind, Allan"]
[Black "Jacobsen, Steen"]
[Result "0-1"]
[WhiteElo "1860"]
[BlackElo "1831"]
[PlyCount "126"]
[WhiteFideId "1422952"]
[BlackFideId "1447009"]
[EventDate "2024.03.25"]
[EventType "swiss"]
[EventRounds "5"]
[EventCountry "DEN"]
[SourceTitle "Live v. Kasper Jerwiarz"]

1. d4 d5 2. Nf3 Nf6 3. e3 a6 4. b3 Bg4 5. Bb2 e6 
6. Nbd2 Nbd7 7. a3 Ne4 8. Qc1 Bf5 9. c4 c6 10. Nxe4 Bxe4 
11. Nd2 Bg6 12. Qd1 Bd6 13. Be2 O-O 14. h4 h6 15. f4 Nf6 
16. h5 Be4 17. Rh2 Qc7 18. g3 Bh7 19. c5 Be7 20. Kf2 Qd8 
21. Qf1 Bf5 22. Kg1 Qa5 23. Qd1 Qd8 24. Rc1 Ne4 25. Nxe4 Bxe4 
26. Bd3 Bxd3 27. Qxd3 f5 28. b4 Qe8 29. Qe2 Qf7 30. Kf2 Kh7 
31. Rch1 Bd8 32. a4 Be7 33. a5 Rg8 34. Qc2 Kh8 35. Bc3 Raf8 
36. Be1 Qe8 37. Kf3 Rf6 38. Qg2 Bd8 39. Ke2 Bc7 40. Kd3 Qf7 
41. g4 fxg4 42. Qxg4 Qf8 43. Bh4 Rf5 44. Rg1 Qf7 45. Bf2 Bxf4 
46. exf4 Rxf4 47. Qe2 Qf5+ 48. Kd2 Re4 49. Be3 e5 50. Rf2 Qe6 
51. Rg6 Qe7 52. Qd3 Qh4 53. dxe5 Rxb4 54. Rgg2 Rb2+ 55. Kc1 Rb5 
56. Rh2 Qb4 57. Kd1 Qxa5 58. Ra2 Qb4 59. Bd4 Rf8 60. e6 Rf1+ 
61. Qxf1 Qb1+ 62. Ke2 Qxa2+ 63. Kd3 Qc4+ 0-1